Europa y el derecho romano
שמור ב:
| מחבר ראשי: | |
|---|---|
| פורמט: | ספר |
| שפה: | ספרדית |
| יצא לאור: |
Madrid
Revista de Derecho Privado
1955
|
| סדרה: | Grandes Tratados Generales de Derecho Privado y Público, 47
|
| נושאים: | |
| תגים: |
הוספת תג
אין תגיות, היה/י הראשונ/ה לתייג את הרשומה!
|
MARC
| LEADER | 00000nam a2200000 a 4500 | ||
|---|---|---|---|
| 001 | UCS2799 | ||
| 003 | CL-VaPUC | ||
| 008 | 970606e19550000SP |||||||||||||||||spa|d | ||
| 082 | 0 | 4 | |a 340.54 |b KOS |2 21 |
| 100 | |a Koschaker, Paolo |e author |q Koschaker, Paul |9 388633 | ||
| 245 | 1 | 0 | |a Europa y el derecho romano |
| 300 | |a 516 p | ||
| 942 | |c BK | ||
| 945 | |d 19970606 00:00:00 |a lriquelm | ||
| 260 | |a Madrid |b Revista de Derecho Privado |c 1955 | ||
| 650 | 0 | |a Derecho romano |9 255930 | |
| 650 | 0 | |a Derecho natural |9 255041 | |
| 650 | 0 | |a Juristas |9 255986 | |
| 650 | 0 | |a Nazismo |9 347078 | |
| 651 | 0 | |a Europa |9 255156 | |
| 583 | |a last modification |c 19970606 00:00:00 |k Rodrigo Vera | ||
| 490 | 0 | |a Grandes Tratados Generales de Derecho Privado y Público, 47 | |
| 999 | |c 260730 |d 260728 | ||
| 952 | |0 0 |1 0 |4 0 |6 340_540000000000000_KOS_1955 |7 0 |8 DER_HIS |9 287032 |a BIBDER |b BIBDER |d 2019-11-19 |i 1929380 |o 340.54 KOS 1955 |p 1929380 |r 2023-01-25 |w 2019-11-19 |x Ubicación 4to Piso |y BK |z Estos recursos deben solicitarse con anticipación |k DER | ||
| 952 | |0 0 |1 0 |2 ddc |4 0 |6 340_540000000000000_KOS_1955 |7 0 |8 A |9 287033 |a BIBDER |b BIBDER |c GEN |d 2019-11-19 |i 3479390 |l 1 |o 340.54 KOS 1955 |p 3479390 |r 2024-09-05 |s 2024-08-09 |w 2019-11-19 |y BK |k DER | ||